zpět

Detail výsledku týmu

Stodola, Olomouc

Datum a čas kvízu

17.5 Celkem bodů Celkový počet nahraných bodů na tomto kvízu bez doplňovacích otázek.
7. Pořadí na kvízu Konečné umístění týmu na tomto kvízu.

Zaznamenané odpovědi

# Otázka Odpověď Body Výsledky
1. Který ze zamýšlených uchazečů... Miroslav Kalousek 0
2. Po několik posledních týdnů by... Severní Korea 1
3. V úterý začal pro Čínu nový ro... znamení Tygra 1
4. Prostor u olomoucké tržnice za... Výstaviště Flora Olomouc 1
5. První velké překvapení jarní č... Slavia Praha - MFK Karviná 0:1 0
6. Patrně nejznámější čarodějnicí... Kirké 0
7. Čaroděj Rumburak ve filmu z ro... Václav Vorlíček 1
8. Nechvalnou součástí historie j... Salem 0
9. Ve filmové adaptaci knihy Čaro... (Somewhere) Over the Rainbow 0
10. Hlavní postava malé čarodějnic... Abraxas 0